Регионална библиотека "Любен Каравелов" - Русе

Лечение с билки и светлина (Запис номер 178998)

MARC детайли
000 -Лидер
Контролно поле с фиксирана дължина 02127nam a2200457 c 4500
003 - Код на организацията, давaща контролен номер
Контролно поле BLK
005 - Дата и час на последна редакция
Контролно поле 20230328124703.0
008 - Елементи от данни с фиксирана дължина
fixed length control field 180411b bul|||||r ||||||| ||bul||
010 ## - Наследен системен номер
LC control number KNG00187761000
020 ## - Международен стандартен номер на книга ISBN
Международен стандартен номер на книга ISBN 978-954-398-436-7
-- издат.: Труд
040 ## - Източник на каталожния запис
Идентификатор на билиотеката - собственик на записа BLK
041 ## - Код за език
Код за езика на текст/звукозапис или на отделно заглавие Български
Код за езика КДБФ Български
072 #7 - Код за тематичната категория
Код организация bullib
Код за тематична категория Н61
Текст Медицина Н
072 #7 - Код за тематичната категория
Код организация bullib
Код за тематична категория Л0101
Текст Билколечение. Природолечение. Народна медицина
080 ## - УДК
Текстов определител УДК Лекарствени средства от растителен произход. Подразделя се със знак за отношение :582; :633/635; :665.3
УДК код - определител по УДК 615.322
УДК определител (035)
УДК - код + определител 615.322(035)
080 ## - УДК
Текстов определител УДК Етеричномаслени растения. Ароматни, оцветителни, дъбилни, лекарствени растения
УДК код - определител по УДК 633.8
УДК определител (035)
УДК - код + определител 633.8(035)
100 1# - Редна дума - Автор
Автор Елмазов, Емил Генчев
Авторска отговорност първи автор
R(LIN) 376119
139 ## - Редно поле
Редна дума Елмазов, Емил Генчев
Авторски знак Елм - Е 54
245 10 - Сведения за заглавието
Заглавие Лечение с билки и светлина
Подзаглавни данни Ароматерапия : Из зелените лаборатории на Билкария
Редно поле (дума) Емил Генчев Елмазов.
257 ## - Страна на издаване
Страна на създаване/издаване България
260 ## - Област на издателските данни
-- София
Име на издателя, разпространителя и проч. Труд
Година на издаване 2016
Печатница София : Инвестпрес
300 ## - Физическа характеристика
Страници 184 с.
Илюстрации и др. с цв. ил.
Размери/Мащаб 20 см
380 ## - Жанр
Жанр Медицина
490 1# - СЕРИИ (Колекции)
Име на серия Здраве от природата
№: серия кн. 1
500 ## - Общи забележки
Забележка Библиогр. с. 177-178.
650 #4 - Допълнително описание по предмет – тема
Основно описание – тема или топоним Фитотерапия
9 (RLIN) 175865
650 #4 - Допълнително описание по предмет – тема
Основно описание – тема или топоним Ароматотерапия
9 (RLIN) 147397
650 #4 - Допълнително описание по предмет – тема
Основно описание – тема или топоним Медицински растения - приложение
9 (RLIN) 244308
653 ## - Ключова дума – ненормативна
Ключова дума природолечение
653 ## - Ключова дума – ненормативна
Ключова дума фитотерапия
653 ## - Ключова дума – ненормативна
Ключова дума ароматерапия
653 ## - Ключова дума – ненормативна
Ключова дума медицински растения
653 ## - Ключова дума – ненормативна
Ключова дума лекарствени растения
659 ## - Тематичен бюлетин
Тематичен бюлетин Л
659 ## - Тематичен бюлетин
Тематичен бюлетин Н
852 ## - Местоположение
Форматна сигнатура Цб 280467
856 4# - Електронен адрес и достъп
Електронен формат pdf - файл
Път до файла /url/
856 4# - Електронен адрес и достъп
Електронен формат pdf - файл
Път до файла /url/
942 ## - АРТИКУЛИ
Вид на библиотечния материал Книги
Скрит в OPAC Не
Koha issues (borrowed), all copies 8
944 ## - СЪЗДАВАНЕ И РЕДАКЦИЯ на ЗАПИСА
Създаване/Редакция Създаване
Дата на регистрацията/редакция 13.05.2016
Статус, дата на статуса ф /
Служител, извършил регистрацията/редакцията Виолета_Тройчева
944 ## - СЪЗДАВАНЕ И РЕДАКЦИЯ на ЗАПИСА
Създаване/Редакция Редакция
Дата на регистрацията/редакция 06.07.2017
Статус, дата на статуса ф /
Служител, извършил регистрацията/редакцията Людмила_Стоянова
999 ## - СИСТЕМНИ КОНТРОЛНИ НОМЕРА
Koha biblionumber 178998
Koha biblioitemnumber 178998
Наличности
Код за отписване Код за изгубен артикул Източник на класификационната схема Код за повреда Коз за рестрикции Код за отдаване Артикулен № Име на библиотеката - собственик Име на библиотеката, в която се намира в момента Статус (Текущо местоположение) Дата на вписване в системата Местоположение - отдел Цена в лева Инвентарен номер Систематично азбучна сигнатура Баркод Номер на екземпляра Цена в евро Служебна бележка Служебен тип на артикула
  Не е изгубен Universal Decimal Classification Не е повреден без рестрикции заемане за дома 307178 Регионална библиотека "Любен Каравелов" Русе Регионална библиотека "Любен Каравелов" Русе Заемна - подръчен фонд 2015-11-12 Заемна - подръчен фонд 6.00 120000800077 П 615.3/Е 54 120000800077 1 3.07 Дост: Dp Вид: Д N: 42 Дата: 29.09.2015 Дата инв: 05.02.2018 Бележки инв: П2018 Книги
  Не е изгубен   Не е повреден без рестрикции заемане за дома 307179 Регионална библиотека "Любен Каравелов" Русе Регионална библиотека "Любен Каравелов" Русе Заемна - подръчен фонд 2015-11-12 Заемна - подръчен фонд 6.00 120000800078 П 615.3/Е 54 120000800078 2 3.07 Дост: Dp Вид: Д N: 42 Дата: 29.09.2015 Дата инв: 05.02.2018 Бележки инв: П2018 Книги
  Не е изгубен   Не е повреден без рестрикции заемане за дома 307180 Регионална библиотека "Любен Каравелов" Русе Регионална библиотека "Любен Каравелов" Русе Заемна - подръчен фонд 2015-11-12 Заемна - подръчен фонд 6.00 120000800079 П 615.3/Е 54 120000800079 3 3.07 Дост: Dp Вид: Д N: 42 Дата: 29.09.2015 Дата инв: 05.02.2018 Бележки инв: П2018 Книги
  Не е изгубен   Не е повреден без рестрикции заемане за дома 307181 Регионална библиотека "Любен Каравелов" Русе Регионална библиотека "Любен Каравелов" Русе Заемна - подръчен фонд 2016-05-31 Заемна - подръчен фонд 6.00 120000800519 П 615.3/Е 54 120000800519 4 3.07 Дост: Pk Вид: Ф N: 461 Дата: 30.05.2016 Дата инв: 23.02.2018 Бележки инв: П2018 Книги
  Не е изгубен   Не е повреден без рестрикции ползва се в читалня 307182 Регионална библиотека "Любен Каравелов" Русе Регионална библиотека "Любен Каравелов" Русе Хранилище 2017-05-30 Хранилище 6.00 120000811782 Цб 280467 120000811782 5 3.07 Дост: Dp Вид: Д N: 17 Дата: 31.03.2017 Книги
Vip Innovations Ltd, Rousse, Bulgaria 2025